Thực hiện dạy học khám phá thông qua chủ đề phương trình và hệ phương trình lớp 10 nâng cao trung học phổ thông Khóa luận tốt nghiệp : Ngành Sư phạm Toán : Trình độ : đại học

Αποθηκεύτηκε σε:
Λεπτομέρειες βιβλιογραφικής εγγραφής
Κύριος συγγραφέας: Hà, Thị Hồng Loan
Άλλοι συγγραφείς: Nguyễn, Dương Hoàng (hướng dẫn)
Μορφή: Thesis Εργαλειοθήκη Βιβλίο
Γλώσσα:Vietnamese
Έκδοση: Đồng Tháp Trường Đại học Đồng Tháp 2011
Θέματα:
Ετικέτες: Προσθήκη ετικέτας
Δεν υπάρχουν, Καταχωρήστε ετικέτα πρώτοι!
Thư viện lưu trữ: Trung tâm Học liệu Lê Vũ Hùng, Trường Đại học Đồng Tháp
LEADER 01403ppm a22003258a 4500
001 00028485
008 120328s2011 ||||||viesd
005 20171026081025.0
041 0 # |a vie 
082 1 4 |a 512.9  |b TH552H 
100 1 # |a Hà, Thị Hồng Loan 
245 1 0 |a Thực hiện dạy học khám phá thông qua chủ đề phương trình và hệ phương trình lớp 10 nâng cao trung học phổ thông  |b Khóa luận tốt nghiệp : Ngành Sư phạm Toán : Trình độ : đại học  |c Hà Thị Hồng Loan; Nguyễn Dương Hoàng hướng dẫn 
260 # # |a Đồng Tháp  |b Trường Đại học Đồng Tháp  |c 2011 
300 # # |b bảng  |e 1 bản tóm tắt  |a 88tr.  |c 30 cm. 
500 # # |a ĐTTTS ghi: Bộ Giáo dục và Đào tạo. Trường Đại học Đồng Tháp 
502 # # |a Thư mục : tr.64 
650 |v Khóa luận  |a Đại số 
653 # # |a Hệ phương trình 
653 # # |a Trung học phổ thông 
653 # # |a Toán học 
653 # # |a Phương trình 
653 # # |a Lớp 10 
700 1 # |a Nguyễn, Dương Hoàng  |e hướng dẫn 
852 # # |j KD.0012611 
852 # # |b Kho đọc  |j KD.0012611 
910 |d 28/03/2012 
980 # # |a Trung tâm Học liệu Lê Vũ Hùng, Trường Đại học Đồng Tháp